STANOVENIE CYTOKINÍNOV V JAČMENI PO NAPADNUTÍ MÚČNATKOU (ERYSIPHE GRAMINIS F. SP. HORDEI MARCHAL)

Bibliographic Details
Main Author: Vizárová, Gabriela, 1936- (Author)
Format: Article
Language:Slovak

MARC

LEADER 00000nab a2200000uu 4500
001 vtls011442239
003 SK-MaSNL
005 20260303123319.0
008 230213|1971 xo |||||||||||||||||slo|
015 |a SNBRB 
035 |a (urnnbn)urn:nbn:sk:snk:ar-0031y4 
035 |a (uuid)cfa78576-b88d-40cb-a08b-66f1683cb434 
035 |a urn:nbn:sk:snk-abcgau 
040 |a SNKBUCL  |b slo  |c SNKBUCL  |e AACR2 
041 0 |a slo 
044 |a xo  |c SK 
100 1 |a Vizárová, Gabriela,  |d 1936-  |4 aut  |9 179651 
245 1 0 |a STANOVENIE CYTOKINÍNOV V JAČMENI PO NAPADNUTÍ MÚČNATKOU (ERYSIPHE GRAMINIS F. SP. HORDEI MARCHAL)  |c Gabriela Vizárová 
773 0 |t Biológia : časopis Slovenskej akadémie vied  |g Roč. 26, č. 1 (1971), s. 49-56 
954 |a odborná, vedecká literatúra pôvodná (slovenská)  |2 lita 
958 |a OND 
958 |a EUIPO 
958 |a article16 
999 |c 1925118  |d 1927048